Globální problém: správa podniků

V 80-tych rokoch - spory o správu podniku (corporate governance). Súvislosť bankrotov s modelom správnych rád. Dva modely správy podniku - americký (s radou riaditeľov) a nemecký (s predstavenstvom). Rozdelenie funkcie predsedu správnej rady a generálneho riaditeľa. Úloha nezávislých, vonkajších čle...

Ausführliche Beschreibung

Gespeichert in:
Bibliographische Detailangaben
1. Verfasser: Jirásek, J.
Format: Buchkapitel
Sprache:Tschechisch
Schlagworte:
Tags: Tag hinzufügen
Keine Tags, Fügen Sie das erste Tag hinzu!

MARC

LEADER 00000naa a2200000 4500
001 r020210
005 20221208130959.7
041 0 |a cze 
044 |a CZ 
245 1 0 |a Globální problém: správa podniků  |c J. Jirásek 
520 |a V 80-tych rokoch - spory o správu podniku (corporate governance). Súvislosť bankrotov s modelom správnych rád. Dva modely správy podniku - americký (s radou riaditeľov) a nemecký (s predstavenstvom). Rozdelenie funkcie predsedu správnej rady a generálneho riaditeľa. Úloha nezávislých, vonkajších členov správnej rady. 
610 2 0 |a vedenie podniku 
610 2 0 |a podnik 
610 2 0 |a bankrot 
610 2 0 |a rady správne 
610 2 0 |a modely 
610 2 0 |a správa podniku 
100 1 |a Jirásek, J.